000 00723nam a2200217Ia 4500
001 15103
003 GE_BSU
008 181216s||||||||xx |||||||||||||| ||und||
040 _cGE_BSU
080 _a517.2(075.8)
100 _aВиленкин, Н.Я. Мордкович,А.Г. Куницкая,Е.С.
245 _aМатематический анализ. Дифференциальное исчисление
250 _a2-е изд.перер. и доп.
260 _aМосква
260 _bПросвещение.
260 _c1984
300 _a174стр.20см.
653 _aДифференциальное исчисление
653 _aМатематический анализ
942 _cBK
999 _c48220
_d48220